Artificial Intelligence in Business/ (Record no. 213524)

MARC details
000 -LEADER
fixed length control field 00650nam a22002057a 4500
005 - DATE AND TIME OF LATEST TRANSACTION
control field 20250930115826.0
010 ## - LCCN (DPL NO)
LC control number ENG-146899
020 ## - INTERNATIONAL STANDARD BOOK NUMBER
International Standard Book Number 9789370635883
Terms of availability 475.00
035 ## - SYSTEM CONTROL NUMBER
System control number EN-130431
037 ## - SOURCE OF ACQUISITION
Source of stock number/acquisition DBAD
082 ## - DEWEY DECIMAL CLASSIFICATION NUMBER
Edition number 1
Classification number 006.3
100 ## - MAIN ENTRY--PERSONAL NAME
Personal name Gurazada, Pavankumar
245 ## - TITLE STATEMENT
Title Artificial Intelligence in Business/
Statement of responsibility, etc Pavankumar Gurazada [and] Seema Gupta
250 ## - EDITION STATEMENT
Edition statement 1
260 ## - PUBLICATION, DISTRIBUTION, ETC. (IMPRINT)
Place of publication, distribution, etc Uttar Pradesh
Name of publisher, distributor, etc S. Chand Publishing
Date of publication, distribution, etc 2025
270 ## - ADDRESS
Address D-92, Sector-2, Noida
City Uttar Pradesh
Postal code 201301
Telephone number 61-120-4682700
300 ## - PHYSICAL DESCRIPTION
Extent 352p.
Dimensions 24cm(pb)
700 ## - ADDED ENTRY--PERSONAL NAME
Personal name Gupta, Seema
Relator term Author
9 (RLIN) 85299
942 ## - ADDED ENTRY ELEMENTS (KOHA)
Source of classification or shelving scheme Dewey Decimal Classification
Item type English Books
Classification part 006.3
Call number suffix GUR
Holdings
Withdrawn status Lost status Not for loan Collection code Home library Current library Date acquired Source of acquisition Cost, normal purchase price Full call number Barcode Copy number Cost, replacement price Koha item type
      Non-fiction Central Library Central Library 30/09/2025 Delivery of Books Act Division 475.00 006.3 GUR EN-130431 1 475.00 English Books

© Delhi Public Library
Hit Counter
free hit counter